Movies Quiz

Random Movies or Director Quiz

Ron Howard Movies Quiz Stats

 Plays Quiz Updated Feb 7, 2020

Support Sporcle.
Go Orange.
Score 0/25 Timer 06:00
3 Plays Today
Year Movie % Correct
1995Apollo 13
74%
2001A Beautiful Mind
57.6%
2018Solo: A Star Wars Story
54.7%
2006The Da Vinci Code
52.6%
2013Rush
45.6%
1984Splash
39%
2016Inferno
38.3%
2008Frost/Nixon
35.8%
2009Angels & Demons
30.9%
1985Cocoon
29.8%
2005Cinderella Man
29.8%
2015In the Heart of the Sea
28.9%
2000How the Grinch Stole Christmas
27.2%
Year Movie % Correct
1991Backdraft
26.7%
1989Parenthood
22.5%
1982Night Shift
20.1%
1988Willow
19.1%
1992Far and Away
18.7%
1977Grand Theft Auto
18.3%
1999Edtv
18%
1996Ransom
16.7%
2003The Missing
14.9%
1994The Paper
13.5%
1986Gung Ho
12.2%
2011The Dilemma
9.8%

From the Vault

Find the Vowel-less Countries of Europe

by WalshyMusic

Try going an entire day speaking in only consonants.
Remove Ads.
Support Sporcle.
Get the best of Sporcle when you Go Orange. This ad-free experience offers more features, more stats, and more fun while also helping to support Sporcle. Thank you for becoming a member.

Show Comments

Extras

Top Quizzes Today


Score Distribution

Your Account Isn't Verified!

In order to create a playlist on Sporcle, you need to verify the email address you used during registration. Go to your Sporcle Settings to finish the process.

Report this User

Report this user for behavior that violates our Community Guidelines.

Details: